|
|
|
|
| LEADER |
00000nam0a2200000 4500 |
| 001 |
354578 |
| 005 |
20231102010715.0 |
| 035 |
|
|
|a (RuTPU)RU\TPU\retro\11837
|
| 090 |
|
|
|a 354578
|
| 100 |
|
|
|a 20200622d1978 k y0rusy50 ca
|
| 101 |
0 |
|
|a rus
|
| 102 |
|
|
|a RU
|
| 105 |
|
|
|a a z 001zy
|
| 200 |
1 |
|
|a Исследования по экспериментальной минералогии
|e сборник научных трудов
|f Академия наук СССР, Сибирское отделение, Институт геологии и геофизики ; под ред. А. А. Годовикова
|
| 210 |
|
|
|a Новосибирск
|c Изд-во ИГИГ СО АН СССР
|d 1978
|
| 215 |
|
|
|a 182 с.
|c ил.
|
| 320 |
|
|
|a Библиогр. в конце ст.
|
| 606 |
1 |
|
|a Минералогия экспериментальная
|2 stltpush
|3 (RuTPU)RU\TPU\subj\43922
|9 63340
|
| 610 |
1 |
|
|a исследования
|
| 610 |
1 |
|
|a минералы
|
| 610 |
1 |
|
|a минералообразование
|
| 610 |
1 |
|
|a синтез
|
| 610 |
1 |
|
|a устойчивость
|
| 610 |
1 |
|
|a гидротермальные растворы
|
| 610 |
1 |
|
|a методики
|
| 610 |
1 |
|
|a модернизация
|
| 675 |
|
|
|a 553.21/.24
|v 4
|
| 702 |
|
1 |
|a Годовиков
|b А. А.
|4 340
|
| 712 |
0 |
2 |
|a Академия наук СССР
|b Сибирское отделение
|b Институт геологии и геофизики
|c (Новосибирск)
|c (1957-1990)
|2 stltpush
|3 (RuTPU)RU\TPU\col\128
|9 23211
|
| 801 |
|
1 |
|a RU
|b 63413507
|c 20200622
|
| 801 |
|
2 |
|a RU
|b 63413507
|c 20210114
|g RCR
|
| 942 |
|
|
|c BK
|